000 00361nam a2200133Ia 4500
005 20260328104254.0
008 260328s9999||||xx |||||||||||||| ||und||
100 _aTicora, Luz Elvira
245 0 _aManual de cerámica Procesos Manuales /
_cLuz Elvira Ticora
260 _bJaveriana
300 _a63 p.
650 _aDISEÑO INDUSTRIAL - ELEMENTOS
942 _cBK
999 _c10363
_d10363